000 00683nam a2200229 a 4500
008
020 _a 0004341589 (pbk.)
049 _aMAIN
090 _aCC70COL
245 0 0 _aCollins dictionary of archaeology /
_cedited by Paul Bahn.
260 _aSanta Barbara, Calif. :
_bABC-CLIO,
_cc1993.
300 _a654 p. :
_bill., maps ;
_c23 cm.
504 _aIncludes bibliographical references.
650 0 _aArchaeology
_xDictionaries.
700 1 _aBahn, Paul G.
740 0 _aDictionary of archaeology.
907 _a.b1018403x
_b24-11-06
_c21-12-05
003
005 20230123134134.0
040 _cNUST
942 _cBOOKS
_kCC70COL
999 _c160709
_d160709